000 00268nam a2200109Ia 4500
008 190216s9999||||xx |||||||||||||| ||und||
100 _aLeen Pool
245 0 _aInnathe Shashthravum Ningalum
260 _bSouthern Language Book Trust
650 _aPhysics
942 _cBK
999 _c32785
_d32785